[Event "Noisiel 5th op"]
[Site "Noisiel"]
[Date "2020.02.16"]
[Round "3"]
[White "Azymah, Remy"]
[Black "Nair, Sanjeev"]
[Result "0-1"]
[WhiteElo "1932"]
[BlackElo "2172"]
[PlyCount "84"]
[EventDate "2020.02.15"]
[EventType "swiss"]
[EventRounds "9"]
[EventCountry "FRA"]

{[%evp 0,35,19,31,45,41,41,35,-4,6,26,28,55,28,59,47,83,57,48,50,73,49,35,28,
30,12,18,12,13,4,4,-50,-50,-63,-65,-175,-135,-127]} 1. e4 c5 2. Nf3 Nc6 3. d4
cxd4 4. Nxd4 Nf6 5. Nc3 d6 6. Bc4 Qb6 7. Nb3 e6 8. O-O Be7 9. Be3 Qc7 10. f4 a6
11. Bd3 b5 12. Qf3 Bb7 13. Rae1 O-O 14. Qh3 Nb4 15. e5 dxe5 16. fxe5 Qxe5 17.
Bf5 Qc7 18. Bf4 Qd8 19. Rd1 Qc8 20. Bd3 Nxd3 21. Rxd3 b4 22. Na4 Qc6 23. Be5
Ne8 24. Rg3 f6 25. Nd4 Qd5 26. Nxe6 Qxe5 27. Nxf8 Bxf8 28. Re3 Qc7 29. Rfe1 Nd6
30. c3 Nf7 31. b3 Ne5 32. Qe6+ Qf7 33. Qxf7+ Kxf7 34. Kh1 Rd8 35. c4 Bc6 36.
Nb2 Bc5 37. R3e2 Rd4 38. Rf1 Kg6 39. h3 Rh4 40. Kh2 Kg5 41. Rd2 Be3 42. Re2 Bb6
0-1

[Event "Noisiel 5th op"]
[Site "Noisiel"]
[Date "2020.02.16"]
[Round "3"]
[White "Roebers, Eline"]
[Black "Yuan, Beline"]
[Result "1-0"]
[WhiteElo "2129"]
[BlackElo "1923"]
[PlyCount "53"]
[EventDate "2020.02.15"]
[EventType "swiss"]
[EventRounds "9"]
[EventCountry "FRA"]

{[%evp 0,18,21,31,33,33,32,32,43,24,9,24,39,30,14,3,3,10,25,-15,-7]} 1. e4 e6
2. d4 d5 3. Nc3 Bb4 4. Nge2 dxe4 5. a3 Be7 6. Nxe4 Nf6 7. Nxf6+ Bxf6 8. Be3 O-O
9. Qd2 b6 10. O-O-O Bb7 11. Nf4 Nd7 12. Bc4 c5 13. d5 Ne5 14. Ba2 exd5 15. Nxd5
Ng4 16. Nxf6+ Qxf6 17. Bg5 Qf5 18. f3 Nf2 19. Qxf2 Qxg5+ 20. Qd2 Qf6 21. Rhe1
Rad8 22. Qe3 Bc6 23. Rxd8 Rxd8 24. Qe7 Qf4+ 25. Kb1 Rf8 26. Rd1 Qxh2 27. Qxf7+
1-0

[Event "Noisiel 5th op"]
[Site "Noisiel"]
[Date "2020.02.16"]
[Round "3"]
[White "Olivier, Philippe"]
[Black "Le Pen, Steven"]
[Result "0-1"]
[WhiteElo "1919"]
[BlackElo "2047"]
[PlyCount "72"]
[EventDate "2020.02.15"]
[EventType "swiss"]
[EventRounds "9"]
[EventCountry "FRA"]

{[%evp 0,28,19,31,57,55,81,51,66,48,63,48,62,21,82,63,96,55,45,36,19,0,-2,0,19,
18,51,51,46,33,27]} 1. e4 c5 2. Nf3 d6 3. Bb5+ Nd7 4. d4 cxd4 5. Qxd4 a6 6.
Bxd7+ Qxd7 7. Nc3 e5 8. Qd3 Qc6 9. O-O Be6 10. Re1 h6 11. Nd5 Ne7 12. c4 Rc8
13. b3 b5 14. cxb5 Qxb5 15. Qxb5+ axb5 16. Nb4 g5 17. h3 Bg7 18. Bd2 f5 19.
exf5 Bxf5 20. Rac1 Rxc1 21. Rxc1 e4 22. Nh2 Kd7 23. Nf1 Be6 24. Ne3 Ra8 25. Kf1
Bd4 26. Ke2 Rf8 27. Rf1 Ng6 28. Nec2 Bc5 29. f3 Nf4+ 30. Bxf4 Rxf4 31. Na6 Bb6
32. fxe4 Rxe4+ 33. Kd3 Re5 34. g4 h5 35. gxh5 Bxh3 36. h6 Bxf1+ 0-1

[Event "Noisiel 5th op"]
[Site "Noisiel"]
[Date "2020.02.16"]
[Round "3"]
[White "Houhou, Alexandre"]
[Black "Brehaut, Carl"]
[Result "1-0"]
[WhiteElo "2014"]
[BlackElo "1918"]
[PlyCount "93"]
[EventDate "2020.02.15"]
[EventType "swiss"]
[EventRounds "9"]
[EventCountry "FRA"]

{[%evp 0,35,14,31,65,68,67,35,68,68,47,61,65,73,83,62,54,33,20,24,38,10,15,22,
46,18,20,12,17,-27,-22,-2,-8,-82,-73,-48,-81,-101]} 1. e4 c6 2. d4 d5 3. Nd2 e6
4. Ngf3 Nf6 5. Bd3 Be7 6. O-O O-O 7. e5 Nfd7 8. Re1 c5 9. c3 Nc6 10. Nf1 cxd4
11. cxd4 f5 12. exf6 Nxf6 13. Ng3 Qb6 14. Bb1 Bd6 15. a3 Bd7 16. Ne2 e5 17.
dxe5 Nxe5 18. Ned4 Nxf3+ 19. Nxf3 Bg4 20. Be3 Bxf3 21. Qxf3 Qxb2 22. Ba2 Qe5
23. Qh3 Rae8 24. Rab1 Kh8 25. Bd2 Ne4 26. f3 Bc5+ 27. Be3 Bxe3+ 28. Rxe3 Qd4
29. fxe4 Rxe4 30. Rbe1 Rfe8 31. Bb1 h6 32. Bxe4 Rxe4 33. Qc8+ Kh7 34. Qf5+ Kg8
35. Qf2 Rh4 36. Re8+ Kh7 37. Qxd4 Rxd4 38. Kf2 Ra4 39. R1e3 a6 40. Rb8 Rf4+ 41.
Ke2 Rd4 42. Rxb7 Rg4 43. Rg3 Re4+ 44. Kd3 Ra4 45. Rbxg7+ Kh8 46. Rg8+ Kh7 47.
R3g7# 1-0

[Event "Noisiel 5th op"]
[Site "Noisiel"]
[Date "2020.02.16"]
[Round "3"]
[White "Triger, Franck"]
[Black "Dorval, Olivier"]
[Result "1/2-1/2"]
[WhiteElo "1961"]
[BlackElo "1883"]
[PlyCount "31"]
[EventDate "2020.02.15"]
[EventType "swiss"]
[EventRounds "9"]
[EventCountry "FRA"]

{[%evp 0,21,14,14,33,15,8,-10,72,41,35,42,69,62,71,40,47,47,37,30,27,22,30,34]
} 1. d4 e6 2. Nf3 d5 3. c4 f5 4. g3 Nf6 5. Bg2 c6 6. O-O Bd6 7. b3 Qe7 8. a4
Nbd7 9. Qc2 Ne4 10. Ba3 O-O 11. Bxd6 Qxd6 12. Nbd2 b6 13. e3 a5 14. Rfd1 Bb7
15. Rac1 Rac8 16. Ne1 1/2-1/2

[Event "Noisiel 5th op"]
[Site "Noisiel"]
[Date "2020.02.17"]
[Round "4"]
[White "Moussard, Jules"]
[Black "Nikolov, Momchil"]
[Result "1/2-1/2"]
[WhiteElo "2608"]
[BlackElo "2539"]
[PlyCount "227"]
[EventDate "2020.02.15"]
[EventType "swiss"]
[EventRounds "9"]
[EventCountry "FRA"]

{[%evp 0,42,14,31,31,12,24,17,7,6,4,0,20,27,7,23,17,9,14,-28,-38,-30,4,-39,10,
1,43,48,51,39,68,48,66,53,67,48,40,44,60,54,64,57,63,44,60]} 1. e4 e5 2. Nf3
Nc6 3. Bb5 a6 4. Ba4 Nf6 5. O-O Nxe4 6. d4 b5 7. Bb3 d5 8. dxe5 Be6 9. c3 Be7
10. Qe2 O-O 11. Rd1 Nc5 12. Bc2 b4 13. Nd4 Nxd4 14. cxd4 Nb7 15. Nd2 Qd7 16.
Nf3 Bf5 17. Bxf5 Qxf5 18. Be3 Rfc8 19. Rac1 Qd7 20. Rc2 a5 21. Rdc1 a4 22. Qd3
Na5 23. Nd2 c6 24. b3 axb3 25. axb3 Nb7 26. Nf1 Nd8 27. f4 Ra3 28. f5 Rca8 29.
Rf2 f6 30. g4 Ra2 31. Rcc2 Rxc2 32. Qxc2 Ra1 33. Kg2 Qa7 34. h4 Re1 35. Qd2 Qa1
36. g5 fxe5 37. dxe5 Qc3 38. e6 Bd6 39. Qxc3 bxc3 40. Rc2 g6 41. fxg6 hxg6 42.
Rxc3 Kf8 43. Bb6 Nxe6 44. Rxc6 Ke7 45. Ne3 Kd7 46. Rc2 d4 47. Nd5 Be5 48. Nf6+
Kd6 49. Ba5 Nf4+ 50. Kf2 Nd3+ 51. Kg2 Nf4+ 52. Kf2 Nd3+ 53. Kg2 Re3 54. Bc7+
Ke6 55. Bxe5 Ne1+ 56. Kf2 Nxc2 57. Bxd4 Rxb3 58. Bc5 Rc3 59. Ba7 Rb3 60. h5
gxh5 61. Kg2 Ra3 62. Bf2 Kf5 63. Nxh5 Kxg5 64. Ng3 Kg4 65. Ne4 Kf4 66. Nf6 Ra2
67. Nd5+ Kg4 68. Nf6+ Kf5 69. Nd5 Ne1+ 70. Kg3 Nd3 71. Bb6 Ra3 72. Ne3+ Ke4 73.
Nc4 Ra2 74. Nd6+ Kd5 75. Nf5 Ra6 76. Ne3+ Ke4 77. Nc4 Nb4 78. Bd8 Rg6+ 79. Kh2
Nd5 80. Bh4 Nf4 81. Nd2+ Kd3 82. Nf3 Rg2+ 83. Kh1 Ra2 84. Bg3 Nd5 85. Ne1+ Ke4
86. Kg1 Ne3 87. Bf2 Nc4 88. Kg2 Ne5 89. Kg3 Rb2 90. Ba7 Rb3+ 91. Kg2 Ng6 92.
Bf2 Rb2 93. Kf1 Ne5 94. Bg3 Nf3 95. Bf2 Ra2 96. Bg3 Ra1 97. Ke2 Ra2+ 98. Kf1
Ra1 99. Ke2 Nd4+ 100. Kf2 Nf5 101. Bb8 Ra2+ 102. Kf1 Ne3+ 103. Kg1 Ra8 104. Bg3
Rg8 105. Kf2 Rf8+ 106. Ke2 Ra8 107. Kf2 Nf5 108. Bc7 Ra7 109. Bb6 Rb7 110. Bc5
Kd5 111. Bf8 Rb8 112. Ba3 Rb3 113. Bc1 Ke4 114. Bg5 1/2-1/2

[Event "Noisiel 5th op"]
[Site "Noisiel"]
[Date "2020.02.17"]
[Round "4"]
[White "Shailesh, Dravid"]
[Black "Gatineau, Yovann"]
[Result "0-1"]
[WhiteElo "2269"]
[BlackElo "2381"]
[PlyCount "80"]
[EventDate "2020.02.15"]
[EventType "swiss"]
[EventRounds "9"]
[EventCountry "FRA"]

{[%evp 0,47,14,31,46,54,61,50,56,64,51,25,60,48,61,41,61,53,54,54,52,5,3,-21,
-6,-15,25,15,3,1,18,8,71,54,34,20,34,28,28,47,41,21,77,-5,29,-97,0,-58,-58,-63]
} 1. e4 c5 2. Nf3 d6 3. d4 Nf6 4. Nc3 cxd4 5. Nxd4 a6 6. Bg5 Nbd7 7. Bc4 Qa5 8.
Qd2 e6 9. a3 h6 10. Bxf6 Nxf6 11. O-O-O Bd7 12. Rhe1 O-O-O 13. Kb1 Qc5 14. Ba2
g5 15. g3 g4 16. f4 gxf3 17. Nxf3 Bc6 18. Qf4 Bg7 19. Rd3 Rhf8 20. Red1 Nd7 21.
b4 Qb6 22. Qxd6 Bxc3 23. Rxc3 Nc5 24. Qxf8 Rxf8 25. Rxc5 Rd8 26. Rf1 Kb8 27.
Ne5 Rd4 28. Bb3 Bxe4 29. Rxf7 Qd8 30. Bxe6 Rd1+ 31. Ka2 Qd4 32. Rfc7 Ka7 33.
Kb3 a5 34. Rxa5+ Kb6 35. Rac5 Rb1+ 36. Ka4 Bxc2+ 37. Rxc2 Qxe5 38. Bd7 Qd5 39.
R2c3 Qd1+ 40. Rc2 Qd3 0-1

[Event "Noisiel 5th op"]
[Site "Noisiel"]
[Date "2020.02.17"]
[Round "4"]
[White "Terrieux, Kevin"]
[Black "Solodovnichenko, Yuri"]
[Result "1/2-1/2"]
[WhiteElo "2453"]
[BlackElo "2567"]
[PlyCount "21"]
[EventDate "2020.02.15"]
[EventType "swiss"]
[EventRounds "9"]
[EventCountry "FRA"]

{[%evp 0,21,14,14,14,-10,-3,-4,43,36,49,40,73,64,75,67,62,53,62,38,31,16,35,9]
} 1. d4 d5 2. c4 e6 3. Nf3 c6 4. e3 Bd6 5. b3 f5 6. Be2 Nf6 7. O-O Qe7 8. a4 a5
9. Ba3 Bxa3 10. Nxa3 O-O 11. Ne5 1/2-1/2

[Event "Noisiel 5th op"]
[Site "Noisiel"]
[Date "2020.02.17"]
[Round "4"]
[White "Maiorov, Nikita"]
[Black "Bonte, Andrei Mihai"]
[Result "1-0"]
[WhiteElo "2506"]
[BlackElo "2302"]
[PlyCount "63"]
[EventDate "2020.02.15"]
[EventType "swiss"]
[EventRounds "9"]
[EventCountry "FRA"]

{[%evp 0,44,14,14,14,-4,30,19,46,13,53,53,45,52,47,6,93,71,53,59,64,48,57,97,
106,108,112,75,113,54,61,48,40,33,86,82,84,75,72,75,80,81,98,73,108,116,93]} 1.
d4 d5 2. c4 dxc4 3. Nf3 Nf6 4. e3 e6 5. Bxc4 c5 6. O-O a6 7. Nc3 Be7 8. dxc5
Qxd1 9. Rxd1 Bxc5 10. Be2 Nc6 11. b3 Bd7 12. Bb2 Rd8 13. Nd2 Bc8 14. Na4 Bb4
15. Nb6 Bxd2 16. Nxc8 Bb4 17. Nb6 Ke7 18. Bf3 Rxd1+ 19. Rxd1 Rd8 20. Rc1 Na5
21. Bd4 Ne8 22. g3 f6 23. Kf1 Rb8 24. Bc5+ Bxc5 25. Rxc5 Nc6 26. Bxc6 bxc6 27.
Rxc6 Nd6 28. Rc7+ Ke8 29. Na4 Nf7 30. Nc5 Rb6 31. Ra7 Rc6 32. b4 1-0

[Event "Noisiel 5th op"]
[Site "Noisiel"]
[Date "2020.02.17"]
[Round "4"]
[White "Enchev, Ivajlo"]
[Black "Mohite, Ranveer"]
[Result "1-0"]
[WhiteElo "2496"]
[BlackElo "2231"]
[PlyCount "103"]
[EventDate "2020.02.15"]
[EventType "swiss"]
[EventRounds "9"]
[EventCountry "FRA"]

{[%evp 0,26,14,14,16,6,36,39,93,75,67,26,33,18,53,49,19,18,5,5,8,9,-12,-12,35,
-1,-1,3,5]} 1. Nf3 Nf6 2. c4 g6 3. Nc3 d5 4. cxd5 Nxd5 5. Qb3 Nb6 6. d4 Bg7 7.
e4 Bg4 8. Bb5+ c6 9. Ng5 O-O 10. Be2 Bxe2 11. Nxe2 Na6 12. Qh3 h6 13. Nf3 Qd7
14. Qh4 h5 15. h3 c5 16. g4 cxd4 17. gxh5 Nc5 18. Rg1 d3 19. hxg6 fxg6 20. Rxg6
Rxf3 21. Rxg7+ Kxg7 22. Bh6+ Kf7 23. Qh5+ Ke6 24. Qg4+ Kd6 25. Qxf3 dxe2 26. b4
Ne6 27. Qg3+ Kc6 28. Rc1+ Nc4 29. Rxc4+ Kb5 30. Rc1 Qd6 31. a4+ Kxa4 32. e5 Qd4
33. Qg6 Rd8 34. Qc2+ Kb5 35. Qxe2+ Qd3 36. Qa2 Qe4+ 37. Be3 Qh1+ 38. Ke2 Nd4+
39. Bxd4 Qxc1 40. Qa5+ Kc6 41. Qxd8 Qc2+ 42. Ke3 Qb3+ 43. Kf4 Qxb4 44. Qc8+ Kd5
45. Qd7+ Kc4 46. Bxa7 Kc3+ 47. Ke3 Kc2 48. Qd3+ Kc1 49. Bd4 Qe1+ 50. Kf4 Qg1
51. Qc3+ Kb1 52. Qb2# 1-0

[Event "Noisiel 5th op"]
[Site "Noisiel"]
[Date "2020.02.17"]
[Round "4"]
[White "Parnali, S Dharia"]
[Black "Dimitrov, Radoslav"]
[Result "0-1"]
[WhiteElo "2275"]
[BlackElo "2519"]
[PlyCount "64"]
[EventDate "2020.02.15"]
[EventType "swiss"]
[EventRounds "9"]
[EventCountry "FRA"]

{[%evp 0,25,14,14,16,-4,37,45,58,62,60,39,39,39,32,32,35,32,32,12,6,-1,-23,-12,
-22,-34,-9,-5]} 1. d4 Nf6 2. c4 c5 3. d5 b5 4. cxb5 a6 5. b6 d6 6. Nc3 Nbd7 7.
Nf3 g6 8. e4 Bg7 9. b7 Bxb7 10. Nd2 O-O 11. Be2 Nb6 12. a4 Rb8 13. O-O e6 14.
a5 Nc8 15. Nc4 Nxe4 16. Nxe4 exd5 17. Bg5 Qd7 18. Ncxd6 dxe4 19. Bf4 Ra8 20.
Nxb7 Qxb7 21. Rc1 Bd4 22. Bc4 Rd8 23. Qe2 Nd6 24. Rfe1 Nxc4 25. Rxc4 Qb5 26. h4
Rd5 27. Kh2 Re8 28. g3 Qxa5 29. Bd2 Qb5 30. b4 Bxf2 31. Rxe4 Rxe4 32. Qxe4 Rxd2
0-1

[Event "Noisiel 5th op"]
[Site "Noisiel"]
[Date "2020.02.17"]
[Round "4"]
[White "Pozdnjakov, Viatcheslav"]
[Black "Bailet, Pierre"]
[Result "1/2-1/2"]
[WhiteElo "2295"]
[BlackElo "2506"]
[PlyCount "77"]
[EventDate "2020.02.15"]
[EventType "swiss"]
[EventRounds "9"]
[EventCountry "FRA"]

{[%evp 0,44,14,14,16,16,45,41,38,48,56,23,12,5,0,16,-11,18,5,11,11,-6,8,-23,7,
-22,-25,-31,-14,-8,-8,-15,-11,1,69,25,5,26,33,28,39,101,66,67,74,67,132]} 1. d4
Nf6 2. Nf3 d6 3. c4 g6 4. Nc3 Bf5 5. d5 Bg7 6. Nd4 Bd7 7. e4 O-O 8. Be2 e5 9.
Nc2 a5 10. g4 Na6 11. g5 Ne8 12. h4 f5 13. gxf6 Bxf6 14. h5 Bh4 15. Be3 g5 16.
Qd2 h6 17. Rh2 Nf6 18. O-O-O Rf7 19. Rg1 Rg7 20. Ne1 Nc5 21. Bxc5 dxc5 22. Nf3
Nxh5 23. Nxe5 Nf4 24. Bg4 Bxg4 25. Nxg4 Ra6 26. e5 h5 27. Nf6+ Rxf6 28. exf6
Qxf6 29. Rd1 Re7 30. d6 cxd6 31. Qxd6 Qxd6 32. Rxd6 Kf7 33. Kd2 Re6 34. Rd7+
Re7 35. Rd8 Ke6 36. Nd5 Rf7 37. Ke3 Ng6 38. Re8+ Kd6 39. Rd8+ 1/2-1/2

[Event "Noisiel 5th op"]
[Site "Noisiel"]
[Date "2020.02.17"]
[Round "4"]
[White "Ivanov, Mikhail M"]
[Black "Velten, Paul"]
[Result "1/2-1/2"]
[WhiteElo "2353"]
[BlackElo "2483"]
[PlyCount "45"]
[EventDate "2020.02.15"]
[EventType "swiss"]
[EventRounds "9"]
[EventCountry "FRA"]

{[%evp 0,44,14,14,17,-4,0,-17,-19,-11,11,-8,13,-4,4,0,35,18,22,12,13,-6,-12,
-22,-22,-22,-16,-20,-36,0,39,54,51,50,47,33,33,1,-18,-20,-6,-422,5,1,1,-7,-14]
} 1. d4 Nf6 2. c4 e6 3. g3 d5 4. Bg2 Bb4+ 5. Bd2 Be7 6. Nf3 O-O 7. O-O c6 8.
Qc2 b6 9. Bf4 Ba6 10. Ne5 Nfd7 11. cxd5 cxd5 12. Rc1 Nxe5 13. Bxe5 Qd7 14. e4
Bb7 15. Nc3 dxe4 16. Bxe4 Bxe4 17. Qxe4 Nc6 18. d5 Nxe5 19. Qxe5 Bf6 20. dxe6
Qxe6 21. Qxe6 fxe6 22. Rc2 Bxc3 23. Rxc3 1/2-1/2

[Event "Noisiel 5th op"]
[Site "Noisiel"]
[Date "2020.02.17"]
[Round "4"]
[White "Sahil, Tickoo"]
[Black "Mohammad, Nubairshah Shaikh"]
[Result "1/2-1/2"]
[WhiteElo "2275"]
[BlackElo "2415"]
[PlyCount "88"]
[EventDate "2020.02.15"]
[EventType "swiss"]
[EventRounds "9"]
[EventCountry "FRA"]

{[%evp 0,26,14,14,14,-6,25,19,30,6,11,19,-5,-12,-12,6,19,7,8,19,9,0,0,-51,38,
29,37,14,22]} 1. d4 d5 2. c4 c6 3. Nf3 Nf6 4. Nc3 dxc4 5. a4 Bf5 6. e3 e6 7.
Bxc4 Bb4 8. O-O O-O 9. Qe2 Nbd7 10. e4 Bg6 11. Bd3 Bh5 12. Bf4 Re8 13. e5 Nd5
14. Nxd5 cxd5 15. h3 a6 16. g4 Bg6 17. Bxg6 fxg6 18. Be3 Nb8 19. Kg2 Nc6 20. h4
Be7 21. Rh1 Rf8 22. h5 Qe8 23. h6 gxh6 24. Rxh6 Rc8 25. Rd1 Nb4 26. Rhh1 Rf7
27. Bg5 Qd8 28. Bxe7 Qxe7 29. Qe3 Rc2 30. Kg3 Rxb2 31. Ng5 Rb3 32. Qxb3 Qxg5
33. Qe3 Qxe3+ 34. fxe3 Nc2 35. Rh2 Nxe3 36. Rf2 Rc7 37. Re1 Nc4 38. Rf6 Re7 39.
Kh4 Kg7 40. Rb1 Na5 41. Rf2 Nc4 42. Rf6 Na5 43. Rf2 Nc4 44. Rf6 Na5 1/2-1/2

[Event "Noisiel 5th op"]
[Site "Noisiel"]
[Date "2020.02.17"]
[Round "4"]
[White "Meillon, Judicael"]
[Black "Hansen, Mads"]
[Result "1-0"]
[WhiteElo "2051"]
[BlackElo "2394"]
[PlyCount "105"]
[EventDate "2020.02.15"]
[EventType "swiss"]
[EventRounds "9"]
[EventCountry "FRA"]

{[%evp 0,50,14,31,46,79,79,28,27,-5,65,26,37,10,10,-18,-18,-38,-27,-78,-45,-76,
-66,-66,-73,-81,-85,-93,-62,-112,-105,-114,-128,-119,-108,-116,-132,-131,-134,
-147,-134,-137,-131,-141,-113,-155,-155,-163,-134,-142,-132,-139,-142]} 1. e4
c5 2. Nf3 e6 3. d3 Nc6 4. g3 g6 5. h4 h6 6. Bh3 Bg7 7. Qe2 Nge7 8. Nc3 d5 9. e5
Qc7 10. Bf4 Nd4 11. Nxd4 cxd4 12. Nb1 Nc6 13. O-O Bxe5 14. Bd2 Bd7 15. a4 Bg7
16. Na3 a6 17. b4 O-O 18. b5 Ne7 19. Bf4 Qc5 20. Rfb1 a5 21. Be5 Nc8 22. Rb2 f6
23. Bf4 Qe7 24. Bg2 Nb6 25. Nb1 e5 26. Bd2 Ra7 27. c3 dxc3 28. Bxc3 Be6 29. Qe1
Rfa8 30. d4 Nc4 31. Re2 Qd7 32. Nd2 Nxd2 33. Bxd2 e4 34. Rc1 Rc8 35. Re3 b6 36.
Rec3 Rxc3 37. Rxc3 f5 38. Rc6 Bxd4 39. Be3 Bg7 40. Bxb6 Ra8 41. Rc7 Qd6 42. Rc6
Qe7 43. Bc5 Qe8 44. Rc7 d4 45. b6 Bd5 46. Qa1 Qe5 47. Rd7 f4 48. b7 Re8 49. Bd6
Qe6 50. Rxg7+ Kxg7 51. Qxd4+ Qf6 52. Be5 Rxe5 53. b8=Q 1-0

[Event "Noisiel 5th op"]
[Site "Noisiel"]
[Date "2020.02.17"]
[Round "4"]
[White "Dubourg, Pierrick"]
[Black "Jonkman, Harmen"]
[Result "0-1"]
[WhiteElo "1965"]
[BlackElo "2385"]
[PlyCount "94"]
[EventDate "2020.02.15"]
[EventType "swiss"]
[EventRounds "9"]
[EventCountry "FRA"]

{[%evp 0,38,14,31,15,11,17,6,17,37,38,30,52,53,61,66,63,63,58,57,57,63,86,79,
75,46,70,23,24,-23,-35,-40,-40,-68,-47,-73,6,-23,-23,-55,-46]} 1. e4 e5 2. Nf3
Nc6 3. Bb5 Nf6 4. O-O Nxe4 5. d4 Nd6 6. Bxc6 dxc6 7. dxe5 Nf5 8. Qxd8+ Kxd8 9.
Rd1+ Ke8 10. Nc3 Ne7 11. h3 Ng6 12. Ne4 h6 13. Be3 Bf5 14. Nc5 Bxc5 15. Bxc5
Bxc2 16. Rd2 Be4 17. Nd4 Bd5 18. Nf5 Rg8 19. Kh2 Be6 20. Nd4 Rd8 21. Rad1 Rd5
22. Bxa7 Nxe5 23. b4 Kd7 24. Re1 b6 25. a4 Ra8 26. a5 Nc4 27. Nxe6 Rxd2 28.
Nc5+ bxc5 29. Bxc5 Nd6 30. Re3 Rd5 31. g4 Rxc5 32. bxc5 Nb7 33. Rd3+ Ke6 34.
Re3+ Kf6 35. Rf3+ Ke7 36. Re3+ Kf8 37. Rb3 Nxc5 38. Rb4 Rxa5 39. Rb8+ Ke7 40.
Rg8 Ne6 41. f4 Nxf4 42. Rxg7 Ra3 43. Rh7 Rxh3+ 44. Kg1 Ng6 45. Kg2 Rh4 46. Kg3
c5 47. Rg7 Kf8 0-1

[Event "Noisiel 5th op"]
[Site "Noisiel"]
[Date "2020.02.17"]
[Round "4"]
[White "Deodhar, Vrushali Umesh"]
[Black "Rostgaard, Tobias Valentin"]
[Result "0-1"]
[WhiteElo "1880"]
[BlackElo "2364"]
[PlyCount "48"]
[EventDate "2020.02.15"]
[EventType "swiss"]
[EventRounds "9"]
[EventCountry "FRA"]

{[%evp 0,24,14,-6,19,10,19,12,11,22,22,10,15,2,38,-12,-11,-12,-22,-16,-14,-20,
-28,-12,-3,-62,-55]} 1. c4 c5 2. Nc3 Nc6 3. Nf3 e6 4. d4 cxd4 5. Nxd4 Nf6 6. a3
d5 7. e3 Bd6 8. cxd5 exd5 9. Be2 O-O 10. O-O a6 11. Bf3 Be6 12. Nxc6 bxc6 13.
b4 a5 14. bxa5 Qxa5 15. Bb2 Rfb8 16. Qc2 Ng4 17. Bxg4 Bxg4 18. h3 Bh5 19. Ne2
Qb5 20. Nd4 Qxb2 21. Qxc6 Rd8 22. Rfb1 Rxa3 23. Nc2 Rxa1 24. Rxa1 Bg6 0-1

[Event "Noisiel 5th op"]
[Site "Noisiel"]
[Date "2020.02.17"]
[Round "4"]
[White "D'Cunha, Viani Antonio"]
[Black "Moreby, James"]
[Result "0-1"]
[WhiteElo "2403"]
[BlackElo "2235"]
[PlyCount "64"]
[EventDate "2020.02.15"]
[EventType "swiss"]
[EventRounds "9"]
[EventCountry "FRA"]

{[%evp 0,29,14,17,28,36,32,24,67,57,71,-21,25,16,0,-16,-18,-9,-5,2,15,-7,13,19,
38,-2,8,-3,39,-62,-83,-156]} 1. e4 e6 2. d4 d5 3. Nc3 Nf6 4. e5 Nfd7 5. f4 c5
6. Nf3 Nc6 7. Ne2 Be7 8. c3 O-O 9. g3 cxd4 10. cxd4 Qb6 11. Bh3 Kh8 12. Rf1 f6
13. Nc3 fxe5 14. dxe5 Nc5 15. Rf2 d4 16. Nb1 Nb4 17. Bf1 d3 18. Nc3 Nc2+ 19.
Rxc2 dxc2 20. Qxc2 Rd8 21. Bd2 Bd7 22. b4 Na6 23. b5 Nc5 24. a4 Be8 25. g4 Bg6
26. f5 exf5 27. gxf5 Bh5 28. Bg5 Bxg5 29. Nxg5 Nd3+ 30. Bxd3 Qg1+ 31. Bf1 Qxg5
32. Qf2 Rac8 0-1

[Event "Noisiel 5th op"]
[Site "Noisiel"]
[Date "2020.02.17"]
[Round "4"]
[White "Popov, Konstantin"]
[Black "Mota, Pankit"]
[Result "1-0"]
[WhiteElo "2391"]
[BlackElo "2048"]
[PlyCount "79"]
[EventDate "2020.02.15"]
[EventType "swiss"]
[EventRounds "9"]
[EventCountry "FRA"]

{[%evp 0,23,14,17,41,32,24,24,24,43,40,23,31,27,59,39,47,15,3,-1,-8,-1,5,-9,
-15,-3]} 1. e4 e6 2. d4 d5 3. Nc3 Bb4 4. e5 c5 5. a3 Bxc3+ 6. bxc3 Qa5 7. Bd2
Qa4 8. Qb1 c4 9. h4 Nc6 10. h5 h6 11. g3 Nge7 12. Ne2 Bd7 13. Bh3 O-O-O 14. Nf4
Kb8 15. O-O Ka8 16. Kh2 Rb8 17. Qb2 b5 18. Ng2 Rb7 19. Rae1 Rhb8 20. f4 Qa5 21.
Qc1 Rb6 22. g4 Ra6 23. f5 Qxa3 24. f6 gxf6 25. Rxf6 b4 26. cxb4 Nxd4 27. c3
Qxc1 28. Bxc1 Nb5 29. Rxf7 Re8 30. Bxh6 d4 31. Bg5 Nc6 32. Rxd7 Nxc3 33. h6 Rb6
34. Nf4 d3 35. Bg2 Kb8 36. h7 Kc8 37. Bxc6 Rxc6 38. Rd8+ Rxd8 39. Bxd8 d2 40.
Rg1 1-0

[Event "Noisiel 5th op"]
[Site "Noisiel"]
[Date "2020.02.17"]
[Round "4"]
[White "Toure, Vasanth"]
[Black "Degardin, Sylvain"]
[Result "1/2-1/2"]
[WhiteElo "2115"]
[BlackElo "2259"]
[PlyCount "89"]
[EventDate "2020.02.15"]
[EventType "swiss"]
[EventRounds "9"]
[EventCountry "FRA"]

{[%evp 0,19,14,15,15,22,36,19,19,7,31,10,6,-19,17,-41,-11,-9,32,3,26,-28]} 1.
e4 e5 2. Nf3 Nc6 3. Bc4 Bc5 4. c3 Nf6 5. d3 d6 6. Nbd2 a6 7. Bb3 Ba7 8. Nf1 Ne7
9. Ng3 Ng6 10. Nf5 O-O 11. O-O Bxf5 12. exf5 Ne7 13. Nh4 d5 14. Bg5 Qd6 15. Re1
Rad8 16. Qe2 e4 17. g3 Rfe8 18. Bxf6 Qxf6 19. dxe4 Nc6 20. Kg2 dxe4 21. Rad1 g5
22. fxg6 hxg6 23. Rxd8 Nxd8 24. f4 Kg7 25. Kh1 Qc6 26. Ng2 Qc5 27. Ne3 b5 28.
Kg2 f5 29. Nc2 Qc6 30. Qd2 Ne6 31. Nb4 e3+ 32. Nxc6 exd2 33. Rd1 Be3 34. Kf3
Nc5 35. Ne5 Rxe5 36. fxe5 Bh6 37. Bc2 Kf7 38. b4 Nd7 39. Bb3+ Ke7 40. h4 Nxe5+
41. Ke2 Ng4 42. Ra1 Nf6 43. Bc2 Nh5 44. Kf3 Ng7 45. g4 1/2-1/2

[Event "Noisiel 5th op"]
[Site "Noisiel"]
[Date "2020.02.17"]
[Round "4"]
[White "Bassini, Emile"]
[Black "Noblecourt, Nicolas"]
[Result "1-0"]
[WhiteElo "2244"]
[BlackElo "1918"]
[PlyCount "91"]
[EventDate "2020.02.15"]
[EventType "swiss"]
[EventRounds "9"]
[EventCountry "FRA"]

{[%evp 0,20,14,36,87,80,105,92,94,42,78,100,116,139,112,85,93,-16,54,61,67,86,
83]} 1. e4 g6 2. d4 Nf6 3. e5 Nh5 4. Bc4 d6 5. Nf3 dxe5 6. Nxe5 e6 7. O-O Bg7
8. Qf3 O-O 9. Rd1 c6 10. Nc3 Nd7 11. Nxd7 Bxd7 12. Ne4 h6 13. c3 Kh7 14. a4 b6
15. a5 f5 16. Nd2 Nf6 17. Re1 Qc7 18. Nb3 g5 19. h4 g4 20. Qf4 Qxf4 21. Bxf4
Nh5 22. Bc7 b5 23. Bxe6 Bxe6 24. Rxe6 Rf7 25. Be5 Rc8 26. Nc5 Bxe5 27. dxe5 g3
28. f3 Nf4 29. Rd6 Re7 30. e6 Kg7 31. Kf1 h5 32. Re1 Ng6 33. Rd7 Kf6 34. Red1
Rce8 35. R1d6 Nxh4 36. Rxc6 Ng6 37. Ra6 Ra8 38. Rxe7 Kxe7 39. Nd3 h4 40. Nb4
Ne5 41. Nd5+ Kf8 42. e7+ Kf7 43. Nc7 Rc8 44. e8=Q+ Rxe8 45. Nxe8 Kxe8 46. Re6+
1-0

[Event "Noisiel 5th op"]
[Site "Noisiel"]
[Date "2020.02.17"]
[Round "4"]
[White "Gavasheli, Ana"]
[Black "Mekhane, Adam"]
[Result "1-0"]
[WhiteElo "2232"]
[BlackElo "2021"]
[PlyCount "121"]
[EventDate "2020.02.15"]
[EventType "swiss"]
[EventRounds "9"]
[EventCountry "FRA"]

{[%evp 0,22,14,4,52,10,10,10,6,2,2,0,6,2,21,-5,11,-16,-21,-48,-18,-22,-22,-9,
-6]} 1. c4 g6 2. g3 Bg7 3. Bg2 e5 4. Nc3 d6 5. Nf3 Nc6 6. d3 f5 7. h4 Nf6 8.
Nd5 h6 9. Rb1 Nxd5 10. cxd5 Ne7 11. e4 O-O 12. Bd2 c6 13. dxc6 bxc6 14. Qb3+ d5
15. Bc3 Qd6 16. O-O Rb8 17. Qa3 c5 18. b4 c4 19. dxc4 d4 20. Ba1 a6 21. Nd2 f4
22. c5 Qf6 23. Qd3 Bd7 24. Rfc1 g5 25. hxg5 hxg5 26. Rc2 fxg3 27. Qxg3 Ng6 28.
Nc4 Nf4 29. Bf1 Kf7 30. c6 Bc8 31. c7 Rb7 32. Na5 Rb6 33. b5 Qh6 34. f3 axb5
35. Bxb5 Rxb5 36. Rxb5 Rh8 37. Rh2 Qa6 38. a4 Rxh2 39. Qxh2 Qd6 40. Qa2+ Kg6
41. Nc4 Qxc7 42. Rb6+ Bf6 43. Nxe5+ Kg7 44. Rxf6 Nh3+ 45. Kg2 Kxf6 46. Bxd4
Nf4+ 47. Kf2 Nh3+ 48. Kg3 Be6 49. Qb2 Qd6 50. a5 Kg7 51. Qb6 Qxb6 52. axb6 Bc8
53. Ng4+ Kg6 54. Kxh3 Kh5 55. Kg3 Kg6 56. Ne5+ Kh5 57. Nc4 g4 58. fxg4+ Kg5 59.
Nd6 Ba6 60. b7 Bxb7 61. Nxb7 1-0